Регионална библиотека "Любен Каравелов" - Русе

Фирмен финансов мениджмънт (Запис номер 7509)

MARC детайли
000 -Лидер
Контролно поле с фиксирана дължина 02156nam a2200433 a 4500
003 - Код на организацията, давaща контролен номер
Контролно поле BLK
005 - Дата и час на последна редакция
Контролно поле 20230622133830.0
008 - Елементи от данни с фиксирана дължина
fixed length control field 180412b bul|||||r ||||||| ||bul||
010 ## - Наследен системен номер
LC control number KNG00008821000
020 ## - Международен стандартен номер на книга ISBN
Международен стандартен номер на книга ISBN 954-568-020-2
040 ## - Източник на каталожния запис
Идентификатор на билиотеката - собственик на записа BLK
041 ## - Код за език
Код за езика на текст/звукозапис или на отделно заглавие Български
Код за езика КДБФ Български
080 ## - УДК
Текстов определител УДК Методи на управление. Мениджмънт. Анализи, планиране, ръководство, сътрудничество, контрол, коопериране и др.
УДК код - определител по УДК 005.5
УДК определител (075.8)
УДК - код + определител 005.5(075.8)
080 ## - УДК
Текстов определител УДК Форми на предприятията в зависимост от отношението към собствеността...
УДК код - определител по УДК 334.72
УДК определител .008(075.8)
УДК - код + определител 334.72.008(075.8)
100 1# - Редна дума - Автор
Автор Данаилов, Данаил Лазаров
Авторска отговорност първи автор
R(LIN) 250751
139 ## - Редно поле
Редна дума Данаилов, Данаил Лазаров
Авторски знак Дана - Д 17
245 10 - Сведения за заглавието
Заглавие Фирмен финансов мениджмънт
Подзаглавни данни Световна и бълг. практика : Учебник за студентите от УНСС - София
Редно поле (дума) Данаил Лазаров Данаилов.
257 ## - Страна на издаване
Страна на създаване/издаване България
260 ## - Област на издателските данни
Място на издаване, разпространение и проч. София
Име на издателя, разпространителя и проч. Люрен
Година на издаване 1994
300 ## - Физическа характеристика
Страници 280 с.
Илюстрации и др. с табл., диагр.
Размери/Мащаб 21 см
380 ## - Жанр
Жанр Общ отдел
500 ## - Общи забележки
Забележка Изд. на УНСС - София. Департамент Междунар. икон. отношения и бизнес. - Офс. изд. - 1 000 тир.
650 #4 - Допълнително описание по предмет – тема
Основно описание – тема или топоним Фирми - финанси - управление
9 (RLIN) 249961
650 #4 - Допълнително описание по предмет – тема
Основно описание – тема или топоним Управление - финансова дейност - фирми
9 (RLIN) 244592
650 #4 - Допълнително описание по предмет – тема
Основно описание – тема или топоним Бизнес - учебници за ВУЗ
9 (RLIN) 252648
650 #4 - Допълнително описание по предмет – тема
Основно описание – тема или топоним Банково дело - учебници за ВУЗ
9 (RLIN) 252649
653 ## - Ключова дума – ненормативна
Ключова дума финанси
653 ## - Ключова дума – ненормативна
Ключова дума банково дело
653 ## - Ключова дума – ненормативна
Ключова дума мениджмънт
653 ## - Ключова дума – ненормативна
Ключова дума учебници за ВУЗ
852 ## - Местоположение
Форматна сигнатура Цб 176523
Фондова буква Хранилище
856 4# - Електронен адрес и достъп
Електронен формат pdf - файл
Път до файла /url/
856 4# - Електронен адрес и достъп
Електронен формат pdf - файл
Път до файла /url/
942 ## - АРТИКУЛИ
Вид на библиотечния материал Книги
Скрит в OPAC Не
Koha issues (borrowed), all copies 1
Периодичен библиозапис Да
944 ## - СЪЗДАВАНЕ И РЕДАКЦИЯ на ЗАПИСА
Създаване/Редакция Създаване
Дата на регистрацията/редакция 15.01.2003
Служител, извършил регистрацията/редакцията Ренета_Константинова
944 ## - СЪЗДАВАНЕ И РЕДАКЦИЯ на ЗАПИСА
Създаване/Редакция Редакция
Дата на регистрацията/редакция 28.09.2016
Служител, извършил регистрацията/редакцията Кети_Илиева
999 ## - СИСТЕМНИ КОНТРОЛНИ НОМЕРА
Koha biblionumber 7509
Koha biblioitemnumber 7509
999 ## - СИСТЕМНИ КОНТРОЛНИ НОМЕРА
Koha biblioitemnumber 7509
999 ## - СИСТЕМНИ КОНТРОЛНИ НОМЕРА
Koha biblioitemnumber 7509
Наличности
Код за отписване Код за изгубен артикул Източник на класификационната схема Код за повреда Коз за рестрикции Код за отдаване Артикулен № Име на библиотеката - собственик Име на библиотеката, в която се намира в момента Статус (Текущо местоположение) Дата на вписване в системата Местоположение - отдел Цена в лева Инвентарен номер Систематично азбучна сигнатура Баркод Номер на екземпляра Цена в евро Служебна бележка Служебен тип на артикула
  Не е изгубен Universal Decimal Classification Не е повреден без рестрикции ползва се в читалня 12952 Регионална библиотека "Любен Каравелов" Русе Регионална библиотека "Любен Каравелов" Русе Хранилище 1994-01-01 Основен фонд - ползва се само за читалня 3.00 602306 Цб 176523 120000602306 1 1.53 Дост: Pk Вид: Ф N: стар фонд Дата: 01.01.1994 Книги
Изтеглен Не е изгубен Universal Decimal Classification Не е повреден без рестрикции заемане за дома 12953 Регионална библиотека "Любен Каравелов" Русе Регионална библиотека "Любен Каравелов" Русе Заемна - подръчен фонд 1994-01-01 Заемна - подръчен фонд 3.00 602307 005.5/Д 17 120000602307 2 1.53 Вид: Сф N: стар фонд Дата: 01.01.1994 Дата инв: 06.02.2018 Бележки инв: П2018 Книги
Изтеглен Не е изгубен Universal Decimal Classification Не е повреден без рестрикции заемане за дома 12954 Регионална библиотека "Любен Каравелов" Русе Регионална библиотека "Любен Каравелов" Русе Заемна - подръчен фонд 1994-01-01 Заемна - подръчен фонд 3.00 602308 005.5/Д 17 602308 3 1.53 Вид: Сф N: стар фонд Дата: 01.01.1994 Дата инв: 09.03.2018 Бележки инв: П2018 Книги
Изтеглен Не е изгубен Universal Decimal Classification Не е повреден без рестрикции заемане за дома 12955 Регионална библиотека "Любен Каравелов" Русе Регионална библиотека "Любен Каравелов" Русе Заемна - подръчен фонд 1994-01-01 Подвързия, Комплектуване 3.00 607453 005.5/Д 17 120000607453 4 1.53 Вид: Сф N: стар фонд Дата: 01.01.1994 Дата инв: 06.02.2018 Бележки инв: П2018 Книги
Vip Innovations Ltd, Rousse, Bulgaria 2025